00000000nam##2200000za#4500
0019.699356
003CaOODSP
00520210625000337
007cr |||||||||||
008150407|1985||||xxc|||||o    f|0| 0 eng|d
040 |aCaOODSP|beng
043 |an-cn---
0861 |aA73-1555/1985E-PDF
1101 |aCanada.|bAgriculture Canada. |bFood Advisory Division.
24510|aBeans, peas and lentils |h[electronic resource]
260 |aOttawa - Ontario : |bAgriculture Canada. |cRevised 1981, reprinted 1985.
300 |a20p.|bphotographs
500 |aHistorical publication digitized by Agriculture and Agri-Food Canada. -- Recipe booklet.
590 |a14-11-Supp|b2014-05-21
69007|aCooking|2gcpds
69007|aHome economics|2gcpds
69007|aNutrition|2gcpds
77508|tHaricots, pois et lentilles |w(CaOODSP)9.643346
85640|ahttp://publications.gc.ca|qPDF|s1 MB|uhttps://publications.gc.ca/collections/collection_2014/aac-aafc/agrhist/A73-1555-1985-eng.pdf
986 |a1555/E